ห้องสมุด วิทยาลัยพยาบาลบรมราชชนนี อุดรธานี Boromarajonani College of Nursing, Udonthani
mysqli: Table './ulib2015/stat_globaluid' is marked as crashed and last (automatic?) repair failed select id from stat_globaluid where statuid='20260419142556_1726' mysqli: Table './ulib2015/stat_globaluid' is marked as crashed and last (automatic?) repair failed DELETE FROM stat_globaluid
WHERE id NOT IN (
SELECT id
FROM (
SELECT id
FROM stat_globaluid
ORDER BY id DESC
LIMIT 100
) foo
); mysqli: Table './ulib2015/stat_globaluid' is marked as crashed and last (automatic?) repair failed insert into stat_globaluid set
statuid='20260419142556_1726',
dt='1776583556',
phpself='/ULIB/dublinfull.php',
agent='Mozilla/5.0 AppleWebKit/537.36 (KHTML, like Gecko; compatible; ClaudeBot/1.0; +claudebot@anthropic.com)',
yea='2026',
mon='4',
dat='19',
ip='216.73.216.142'
LEADER 00674nam 2200229 a 4500
001 10902
003 ULIBM
008 160611sมปป. th m a001 0 tha d
050 4 ^aWS^bอ176ค มปป
245 10 ^aความหวังของพ่อแม่ที่จะเห็นลูกเจริญทั้งทางร่างกายและจิตใจ/^cอัจฉรา สุขารมณ์
250 ^aพิมพ์ครั้งที่ 1.
260 ^aกรุงเทพฯ:^bเอเอ็นปิลาบอราตอรี่,^cมปป
300 ^a 57 หน้า.
650 7 ^aการเลี้ยงดูลูกที่ถูกต้อง
945 ^p0^l0^i16892
945 ^p0^l0^i16893
999 ^aลิขิตลักษณ์
คุณยังไม่ได้ล็อกอิน คุณสามารถมีกิจกรรมร่วมกับเว็บไซต์ได้ แต่ต้องล็อกอินก่อน ::
ลำดับที่
ประเภท
เลขเรียก /บาร์โค้ด
สถานที่
สถานะ
1.
หนังสือการพยาบาล WS อ176ค มปป Barcode: 16892 หนังสือทั่วไป On Shelf
2.
หนังสือการพยาบาล WS อ176ค มปป ฉ.2 Barcode: 16893 หนังสือทั่วไป On Shelf [แสดง 2/2 รายการ]
mysqli: Can't create/write to file '/var/tmp/#sql_59d_0.MAI' (Errcode: 2) select * from index_db where titl like '%ความหวังของพ่อแม่ที่จะเห็นลูกเจริญทั้งทางร่างกายและจิตใจ/ อัจฉรา สุขารมณ์%' and mid<>'10902' order by rand() limit 3 mysqli: Can't create/write to file '/var/tmp/#sql_59d_0.MAI' (Errcode: 2) select * from index_db where subj like '%การเลี้ยงดูลูกที่ถูกต้อง%' and mid<>'10902' order by rand() limit 3
ยังไม่เคยถูกคอมเมนท์
คอมเมนท์ทรัพยากรรายการนี้
JavaScript must be enabled in order for you to use Google Maps.
However, it seems JavaScript is either disabled or not supported by your browser.
To view Google Maps, enable JavaScript by changing your browser options, and then
try again.